Hạnh phúc mỗi ngày = Happy book
Sách là 93 câu châm ngôn để chiêm nghiệm và rèn luyện bản thân mỗi ngày để hướng tới việc đạt được nguồn hạnh phúc đích thực trong cuộc sống.
Đã lưu trong:
| Príomhúdar: | |
|---|---|
| Formáid: | Leabhar |
| Teanga: | Vietnamese |
| Foilsithe: |
H.
Lao động
2017
|
| Eagrán: | Tái bản lần 1 |
| Ábhair: | |
| Clibeanna: |
Cuir Clib Leis
Gan Chlibeanna, Bí ar an gcéad duine leis an taifead seo a chlibeáil!
|
| Thư viện lưu trữ: | Thư viện Trường Đại học Nam Cần Thơ |
|---|
| LEADER | 00981nam a22002057a 4500 | ||
|---|---|---|---|
| 001 | NCT_70057 | ||
| 008 | 190916b xxu||||| |||| 00| 0 vie d | ||
| 999 | |c 3401 |d 3401 | ||
| 020 | |a 9786045956199 |c 39000 | ||
| 082 | 0 | 4 | |2 23rd ed. |a 080 |b H513 |
| 100 | 1 | |a Nguyễn Mạnh Hùng | |
| 245 | 1 | 0 | |a Hạnh phúc mỗi ngày = |b Happy book |c Nguyễn Mạnh Hùng |
| 250 | |a Tái bản lần 1 | ||
| 260 | |a H. |b Lao động |c 2017 | ||
| 300 | |a 105 tr. |b minh họa |c 15cm | ||
| 520 | 3 | |a Sách là 93 câu châm ngôn để chiêm nghiệm và rèn luyện bản thân mỗi ngày để hướng tới việc đạt được nguồn hạnh phúc đích thực trong cuộc sống. | |
| 653 | |a Sách tham khảo | ||
| 942 | |2 ddc |c BK | ||
| 952 | |0 0 |1 0 |2 ddc |4 0 |6 080_000000000000000_H513 |7 0 |9 17921 |a 000001 |b 000001 |d 2019-09-16 |o 080 H513 |p TK.00579 |r 2019-09-16 |v 39000.00 |w 2019-09-16 |y BK | ||
| 980 | |a Thư viện Trường Đại học Nam Cần Thơ | ||


